Detalles MARC
| 000 -LEADER |
| longitud fija campo de control |
01977nab a22004097a 4500 |
| 003 - IDENTIFICADOR DE NUMERO DE CONTROL |
| control del campo |
AR-RoUNA |
| 022 ## - ISSN |
| ISSN |
03282384 |
| 040 ## - ORIGEN DE LA CATALOGACION |
| Agencia que cataloga la obra original |
AR-RoUNA |
| Idioma en que se cataloga |
spa |
| 041 ## - CODIGO DE IDIOMA |
| Codigo de idioma del texto / sonido o titulo separado |
spa |
| Codigo de idioma de la traduccion original y / o intermedios de texto |
spa |
| 044 ## - CODIGO DE PAIS / ENTIDAD PRODUCTORA |
| Codigo MARC del pais |
ag |
| 110 ## - ASIENTO PRINCIPAL - AUTOR INSTITUCIONAL |
| 9 (RLIN) |
8413 |
| Nombre corporativo o de jurisdiccion como elemento de entrada |
Secretaria de Ciencia y Técnica. |
| Unidad subordinada |
Boletín de la Secretaria |
| 245 ## - TITULO PROPIAMENTE DICHO |
| Titulo |
Ciencia y Tecnica |
| Medio |
Nº 13 |
| Subtitulo |
Boletín de la Secretaría |
| 260 ## - EDITORIAL - PUBLICACION, DISTRIBUCION, ETC. (Pie de imprenta) |
| Lugar de publicacion, distribucion, etc |
Buenos Aires : |
| Nombre del editor, distribuidor, etc |
UP, |
| Fecha de publicacion |
1994 |
| 300 ## - DESCRIPCION FISICA |
| Extension |
64 p. : |
| Otros detalles fisicos |
plantas, |
| -- |
fot. byn., |
| Dimensiones |
26x 20 cm |
| 505 ## - NOTA DE CONTENIDO CON FORMATO |
| Título |
INDICE |
| 505 ## - NOTA DE CONTENIDO CON FORMATO |
| Título principal |
Proyecto de la ley de promoción a la innovación tecnológica / Una mirada hacia el futuro. p. 3 |
| 505 ## - NOTA DE CONTENIDO CON FORMATO |
| Título principal |
Centro de Ciencias para niños y adolescentes / Prohibido no tocar. p. 10 |
| 505 ## - NOTA DE CONTENIDO CON FORMATO |
| Título principal |
Encuentro del Parlamento Latinoamericano / Latinoamerica trabaja unida en la nuevas tecnologías. p. 11 |
| 505 ## - NOTA DE CONTENIDO CON FORMATO |
| Título principal |
Formas alternativas de energías / Hacia la conquista del sol. p. 16 |
| 505 ## - NOTA DE CONTENIDO CON FORMATO |
| Título principal |
Reportaje: Rubén Erlijman, Secretario ejecutivo del Programa Nacional de Investigación en Tecnología de Alimentos. p. 22 |
| 505 ## - NOTA DE CONTENIDO CON FORMATO |
| Título principal |
La informática y los derechos humanos. p. 27 |
| 505 ## - NOTA DE CONTENIDO CON FORMATO |
| Título principal |
Instituto Tecnológico de Chascomús / Argentina abre un nuevo centro de Excelencia. p. 29 |
| 505 ## - NOTA DE CONTENIDO CON FORMATO |
| Título principal |
Seminario de Biotecnología en Bruselas / Europa mira hacia Latinoamérica. p. 34 |
| 505 ## - NOTA DE CONTENIDO CON FORMATO |
| Título principal |
Significativos avances prácticos en la integración con Brasil. p. 38 |
| 505 ## - NOTA DE CONTENIDO CON FORMATO |
| Título principal |
Informe especial sobre el SIDA. p. 41 |
| 505 ## - NOTA DE CONTENIDO CON FORMATO |
| Título principal |
Ciclo de programa para la televisión / Un espacio de Ciencia y Conciencia. p. 59 |
| 505 ## - NOTA DE CONTENIDO CON FORMATO |
| Título |
CONTRATAPA |
| 505 ## - NOTA DE CONTENIDO CON FORMATO |
| Título principal |
Los descubrimientos que cambiaron nuestras vidas. |
| 650 ## - MATERIA - TERMINO TEMATICO |
| Término tematico general |
Arquitectura |
| 9 (RLIN) |
11395 |
| 650 ## - MATERIA - TERMINO TEMATICO |
| Término tematico general |
Ciencia |
| 9 (RLIN) |
11396 |
| 773 0# - ENTRADA DEL ITEM MAYOR |
| Entrada principal |
Boletín de la Secretaría: Ciencia y Técnica |
| Lugar, editorial y fecha de la publicación |
Buenos Aires, Aller Atucha y Asociados. 1988 |
| Vol. - nro. (mes-año), pág. |
nro.13(abr-1987), 64.p |
| ISSN |
03265773 |
| 856 ## - LOCALIZACION ELECTRONICA Y ACCESO |
| Identificador uniforme de recursos |
<a href="www.secyt.unlu.edu.ar">www.secyt.unlu.edu.ar</a> |
| 908 ## - SOPORTE |
| Soporte |
Imp |
| 942 ## - FUENTE DE CLASIFICACION |
| Clasificacion |
Universal Decimal Classification |
| Tipo de item |
Analítica |
| 945 ## - INFORMACION DE PROCESAMIENTO |
| Codigo del operador |
MBP |
| Fecha de ingreso o modificacion |
2018-06-12 |
| 980 ## - EQUIVALENCE OR CROSS-REFERENCE-SERIES STATEMENT--PERSONAL NAME/TITLE [LOCAL, CANADA] |
| Field link and sequence number |
1 |
| Miscellaneous information |
Maricel Allasia |
| Linkage |
1 |
| Personal name |
Maricel Allasia |